Estudio de aproximación sobre la aplicación del concepto de clases socialesa en la formación económica peruana /
Сохранить в:
| Главный автор: | |
|---|---|
| Другие авторы: | , , , |
| Формат: | Текст |
| Опубликовано: |
Lima :
|
| Метки: |
Добавить метку
Нет меток, Требуется 1-ая метка записи!
|
MARC
| LEADER | 00000 a a2200000 04500 | ||
|---|---|---|---|
| 001 | 16155 | ||
| 003 | |||
| 040 | |a CRAI/IIS |c CRAI/IIS | ||
| 090 | |a 012800 | ||
| 100 | |a Gambini Martínez, Juan | ||
| 245 | |a Estudio de aproximación sobre la aplicación del concepto de clases socialesa en la formación económica peruana / |c Juan Gambini Martínez | ||
| 260 | |a Lima : | ||
| 300 | |a 15 p. | ||
| 700 | |a Ramírez Germany, Luis | ||
| 700 | |a Arangurí Aguirre, Alfredo | ||
| 700 | |a Fernández Prieto, Yaned | ||
| 700 | |a Ruíz Arrieta, Jenny | ||
| 999 | |c 12542 |d 12542 | ||
